Anexos Adenda N§ 1, del informe consolidado N§ 1 de solicitud de aclaraciones, rectificaciones y-o ampliaciones a la declaración de impacto ambiental del proyecto Fábrica de Cerámicos Diamant S.A
Gespeichert in:
| Körperschaft: | |
|---|---|
| Format: | Buch |
| Sprache: | Spanisch |
| Veröffentlicht: |
Santiago
ASESPRO
2005
|
| Schlagworte: | |
| Tags: |
Tag hinzufügen
Keine Tags, Fügen Sie den ersten Tag hinzu!
|
MARC
| LEADER | 00000nam a2200000 a 4500 | ||
|---|---|---|---|
| 001 | UCK9991 | ||
| 003 | CL-VaPUC | ||
| 008 | 060623e20050600CL |||||||||||||||||spa|d | ||
| 082 | 0 | 4 | |a 363.731 |b ASE |2 21 |
| 110 | 2 | |a ASESPRO |e author |9 499996 | |
| 245 | 1 | 0 | |a Anexos Adenda N§ 1, del informe consolidado N§ 1 de solicitud de aclaraciones, rectificaciones y-o ampliaciones a la declaración de impacto ambiental del proyecto Fábrica de Cerámicos Diamant S.A |
| 300 | |a Pág. irreg | ||
| 942 | |c BK | ||
| 945 | |d 20060623 00:00:00 |a cmena | ||
| 260 | |a Santiago |b ASESPRO |c 2005 | ||
| 500 | |a Incluye anexos y planos | ||
| 600 | 0 | 7 | |a FABRICA DE CERAMICOS DIAMANT S.A |2 CL-VaPUC |9 499997 |
| 650 | 0 | |a Impacto ambiental |9 262796 | |
| 650 | 0 | |a Industrias |9 263688 | |
| 650 | 0 | |a Planificación urbana |9 258176 | |
| 650 | 0 | |a Residuos sólidos |9 367336 | |
| 650 | 0 | |a Contaminación ambiental |9 314181 | |
| 650 | 0 | |a Protección del medio ambiente |9 257626 | |
| 650 | 0 | |a Responsabilidad social |9 339076 | |
| 651 | 7 | |a LLAY-LLAY |2 CL-VaPUC |9 499998 | |
| 651 | 0 | |a San Felipe |9 265146 | |
| 651 | 0 | |a Región 05 |9 267528 | |
| 583 | |a last modification |c 20060623 00:00:00 |k Rodrigo Vera | ||
| 999 | |c 316989 |d 316987 | ||
| 952 | |0 0 |1 0 |4 0 |6 363_731000000000000_ASE_2005 |7 0 |8 P |9 392648 |a BIBING |b BIBING |d 2019-11-22 |i 4237889 |o 363.731 ASE 2005 |p 4237889 |r 2025-01-20 |w 2019-11-22 |y BK |k CCL | ||
| 952 | |0 0 |1 0 |4 0 |6 363_731000000000000_ASE_2005 |7 0 |8 P |9 392649 |a BIBING |b BIBING |d 2019-11-22 |i 4238141 |o 363.731 ASE 2005 |p 4238141 |r 2025-01-20 |w 2019-11-22 |y BK |k CCL | ||